[Event "Barcelona Sant Marti op 9th"]
[Site "Barcelona"]
[Date "2020.02.20"]
[Round "6"]
[White "Esteban Lupianez, Jose Miguel"]
[Black "Moreno Perez, Norberto"]
[Result "0-1"]
[WhiteElo "1592"]
[BlackElo "1867"]
[PlyCount "120"]
[EventDate "2020.01.16"]
[EventType "swiss"]
[EventRounds "9"]
[EventCountry "ESP"]
[SourceTitle "CBM 195 Extra"]
[Source "ChessBase"]
[SourceDate "2020.05.31"]
[SourceVersion "1"]
[SourceVersionDate "2020.05.31"]
[SourceQuality "1"]

1. e4 e5 2. Nf3 d6 3. Nc3 Nf6 4. d4 exd4 5. Nxd4 Be7 6. Be2 0-0 7. 0-0 Nbd7 8. Nf5 Ne5 9. Nxe7+ Qxe7 10. Bg5 c6 11. f4 Ng6 12. Qd4 h6 13. Bxf6 gxf6 14. Rad1 Rd8 15. Rf3 Kf8 16. Qd2 f5 17. exf5 Bxf5 18. Re3 Qh4 19. g3 Qf6 20. g4 Bc8 21. f5 Nf4 22. Ne4 Qh4 23. Qc3 Nxe2+ 24. Rxe2 Qxg4+ 25. Ng3 Qg7 26. f6 Qg5 27. h4 Qxh4 28. Qe5 Bg4 29. Qe7+ Kg8 30. Rg2 Re8 31. Qxb7 h5 32. Qxc6 Rad8 33. Rf1 Qg5 34. Qc3 Re3 35. Qd2 Qc5 36. b4 Qb6 37. Rff2 Kf8 38. Nf1 Rh3 39. Rg3 Rxg3+ 40. Nxg3 Ke8 41. a4 Kd7 42. a5 Qc6 43. Qe3 Qc7 44. Qd3 Kc8 45. Nxh5 Bxh5 46. Qf5+ Kb8 47. Qxh5 Rg8+ 48. Kh1 Qb7+ 49. Qf3 Qxb4 50. Qb3 Qxb3 51. cxb3 Rg6 52. Rf5 Kb7 53. b4 a6 54. Kh2 Kc6 55. Kh3 d5 56. Kh4 Kd6 57. Rf1 Ke5 58. b5 axb5 59. Rb1 Rxf6 60. Rxb5 Ra6 0-1

[Event "Barcelona Sant Marti op 9th"]
[Site "Barcelona"]
[Date "2020.01.30"]
[Round "3"]
[White "Manukyan, Aram"]
[Black "Esteban Lupianez, Jose Miguel"]
[Result "0-1"]
[WhiteElo "1596"]
[BlackElo "1592"]
[PlyCount "78"]
[EventDate "2020.01.16"]
[EventType "swiss"]
[EventRounds "9"]
[EventCountry "ESP"]
[SourceTitle "CBM 195 Extra"]
[Source "ChessBase"]
[SourceDate "2020.05.31"]
[SourceVersion "1"]
[SourceVersionDate "2020.05.31"]
[SourceQuality "1"]

1. e4 c5 2. Nc3 g6 3. d3 Nc6 4. Nf3 Bg7 5. Nd5 e6 6. Ne3 Nge7 7. Be2 d5 8. exd5 exd5 9. c3 0-0 10. 0-0 Re8 11. Re1 d4 12. cxd4 Nxd4 13. Nc2 Nxe2+ 14. Qxe2 Bg4 15. Rb1 Qa5 16. a3 Rad8 17. Bd2 Qb5 18. Bc3 Nf5 19. Ne3 Nxe3 20. fxe3 Bh6 21. d4 Qxe2 22. Rxe2 cxd4 23. Bxd4 Bxf3 24. gxf3 Rxd4 25. Rbe1 Rd7 26. f4 Rde7 27. Kf2 f5 28. Kf3 Re4 29. h4 Kf7 30. Rc1 Bxf4 31. Rce1 Bc7 32. Rc1 Bb6 33. Rce1 Rxh4 34. Rd1 Rh3+ 35. Kg2 Rhxe3 36. Rd7+ R8e7 37. Rxe7+ Kxe7 38. Rxe3+ Bxe3 39. Kf3 Bc1 0-1

[Event "Barcelona Sant Marti op 21st"]
[Site "Barcelona"]
[Date "2019.07.17"]
[Round "5"]
[White "Esteban Lupianez, Jose Miguel"]
[Black "Quero Ortega, Juan"]
[Result "0-1"]
[WhiteElo "1672"]
[BlackElo "1754"]
[PlyCount "160"]
[EventDate "2019.07.13"]
[EventType "swiss"]
[EventRounds "9"]
[EventCountry "ESP"]
[SourceTitle "EXT 2020"]
[Source "ChessBase"]
[SourceDate "2019.10.17"]
[SourceVersion "1"]
[SourceVersionDate "2019.10.17"]
[SourceQuality "1"]

1. e4 d6 2. Nf3 Nf6 3. Nc3 g6 4. d4 c6 5. h3 Bg7 6. Be3 0-0 7. Qd2 Qa5 8. a3 b5 9. b4 Qc7 10. Bd3 a5 11. 0-0 Bd7 12. Rac1 axb4 13. axb4 Na6 14. Ne2 Qb7 15. c3 Nc7 16. Bh6 Ne6 17. Bxg7 Kxg7 18. Nh2 Nc7 19. f4 d5 20. e5 Ne4 21. Bxe4 dxe4 22. Ng3 Bf5 23. Qe1 Qc8 24. Nxe4 h5 25. Nf2 Ra2 26. g4 hxg4 27. hxg4 Be6 28. Qd1 Rh8 29. Qf3 Bd5 30. Qg3 e6 31. Ra1 Qa8 32. Rxa2 Qxa2 33. f5 Qd2 34. f6+ Kf8 35. Rd1 Qg5 36. Nh3 Qh6 37. Nf4 Bc4 38. Ra1 Ke8 39. Ra7 Kd7 40. g5 Qh4 41. Kg2 Qxg3+ 42. Kxg3 Ra8 43. Rxa8 Nxa8 44. Kf2 Nb6 45. Ke1 Nd5 46. Nxd5 exd5 47. Ng4 Bd3 48. Kd2 Bf5 49. Nh6 Be6 50. Ke3 Ke8 51. Ng8 Kd7 52. Kf4 Bf5 53. e6+ Bxe6 54. Ke5 Bh3 55. Ne7 Be6 56. Kf4 Bh3 57. Ng8 Be6 58. Nh6 Kd6 59. Kf3 Kd7 60. Kg3 Kd6 61. Kf4 Kd7 62. Ke5 Kc7 63. Ng8 Kd7 64. Ne7 Bh3 65. Nxg6 fxg6 66. f7 Ke7 67. f8Q+ Kxf8 68. Kd6 Bf1 69. Kxc6 Bc4 70. Kd7 Kf7 71. Kd6 Ke8 72. Ke6 Kd8 73. Kf6 Bd3 74. Ke6 Kc7 75. Kxd5 Bc4+ 76. Kc5 Kd7 77. d5 Bf1 78. d6 Bc4 79. Kd4 Kxd6 80. Ke4 Ke6 0-1

[Event "Barcelona Sant Marti op 21st"]
[Site "Barcelona"]
[Date "2019.07.15"]
[Round "3"]
[White "Rojas Fernandez, Andres"]
[Black "Esteban Lupianez, Jose Miguel"]
[Result "1-0"]
[WhiteElo "1915"]
[BlackElo "1672"]
[PlyCount "33"]
[EventDate "2019.07.13"]
[EventType "swiss"]
[EventRounds "9"]
[EventCountry "ESP"]
[SourceTitle "EXT 2020"]
[Source "ChessBase"]
[SourceDate "2019.10.17"]
[SourceVersion "1"]
[SourceVersionDate "2019.10.17"]
[SourceQuality "1"]

1. e4 c5 2. Nc3 g6 3. g3 Bg7 4. Bg2 Nc6 5. d3 Nf6 6. Be3 d6 7. h3 0-0 8. Qd2 b5 9. e5 Nxe5 10. Bxa8 b4 11. Ne4 Bxh3 12. Nxf6+ exf6 13. Rxh3 Qxa8 14. 0-0-0 Qd5 15. Kb1 g5 16. f4 g4 17. Rh5 1-0

[Event "Barbera del Valles op 42nd"]
[Site "Barbera del Valles"]
[Date "2019.07.06"]
[Round "3"]
[White "Esteban Lupianez, Jose Miguel"]
[Black "Martin Barcelo, Carles"]
[Result "0-1"]
[WhiteElo "1672"]
[BlackElo "2012"]
[PlyCount "72"]
[EventDate "2019.07.04"]
[EventType "swiss"]
[EventRounds "9"]
[EventCountry "ESP"]
[SourceTitle "CBM 191 Extra"]
[Source "ChessBase"]
[SourceDate "2019.09.30"]
[SourceVersion "1"]
[SourceVersionDate "2019.09.30"]
[SourceQuality "1"]

1. e4 e6 2. d4 d5 3. Nd2 c5 4. c3 cxd4 5. cxd4 dxe4 6. Bb5+ Bd7 7. Bxd7+ Nxd7 8. Nxe4 Ngf6 9. Nc3 Nb6 10. Nf3 Be7 11. 0-0 0-0 12. Qe2 Rc8 13. a3 Nbd5 14. Bd2 Qb6 15. Qb5 Nxc3 16. Qxb6 Ne2+ 17. Kh1 axb6 18. Rfe1 Nxd4 19. Nxd4 Bc5 20. Be3 Rfd8 21. Nc2 Bxe3 22. Nxe3 Nd5 23. g3 Nxe3 24. fxe3 Rd2 25. Rac1 Rxc1 26. Rxc1 Kf8 27. b4 Ke7 28. Rc3 Kd7 29. Kg1 f5 30. h4 e5 31. Kf1 e4 32. Kg1 Rd3 33. Rxd3+ exd3 34. Kf2 Kd6 35. a4 Kd5 36. b5 g6 0-1

[Event "Barcelona 2nd"]
[Site "Barcelona"]
[Date "2019.06.08"]
[Round "9.1"]
[White "Esteban Lupianez, Jose Miguel"]
[Black "Gutierrez Palomino, Albert"]
[Result "0-1"]
[WhiteElo "1664"]
[BlackElo "1955"]
[PlyCount "52"]
[EventDate "2019.04.06"]
[EventType "tourn"]
[EventRounds "9"]
[EventCountry "ESP"]
[SourceTitle "EXT 2024"]
[Source "ChessBase"]
[SourceDate "2023.10.10"]
[SourceVersion "1"]
[SourceVersionDate "2023.10.10"]
[SourceQuality "1"]

1. e4 e6 2. d4 d5 3. Nd2 a6 4. Bd3 c5 5. c3 Nc6 6. e5 cxd4 7. cxd4 Nxd4 8. Ndf3 Nc6 9. a3 f6 10. exf6 Nxf6 11. Qe2 Bd6 12. Be3 0-0 13. Nd4 Nxd4 14. Bxd4 e5 15. Bc3 d4 16. Bc4+ Kh8 17. Bd2 b5 18. Bb3 Bg4 19. f3 Bf5 20. Qf2 e4 21. Bb4 Bxb4+ 22. axb4 Qe7 23. Bd1 exf3+ 24. Ne2 fxe2 25. Qxf5 exd1Q+ 26. Kxd1 Ne4 0-1

[Event "Hospitalet de Llobregat op 4th"]
[Site "Hospitalet de Llobregat"]
[Date "2019.04.27"]
[Round "3"]
[White "Argemi Bartolome, Domenec"]
[Black "Esteban Lupianez, Jose Miguel"]
[Result "0-1"]
[WhiteElo "1375"]
[BlackElo "1664"]
[PlyCount "98"]
[EventDate "2019.04.06"]
[EventType "swiss"]
[EventRounds "9"]
[EventCountry "ESP"]
[SourceTitle "CBM 190 Extra"]
[Source "ChessBase"]
[SourceDate "2019.07.15"]
[SourceVersion "1"]
[SourceVersionDate "2019.07.15"]
[SourceQuality "1"]

1. d4 Nf6 2. Bf4 d6 3. e3 g6 4. h3 Bg7 5. Be2 0-0 6. c3 Nbd7 7. Nd2 e5 8. Bg5 h6 9. Bh4 Re8 10. Qc2 g5 11. Bg3 e4 12. Bb5 c6 13. Bc4 d5 14. Bb3 b5 15. a4 a5 16. Ne2 Ba6 17. 0-0 bxa4 18. Bxa4 Bxe2 19. Rfe1 Bb5 20. Rab1 Nb6 21. Bxb5 cxb5 22. Nb3 Nfd7 23. Qe2 Nc4 24. Red1 Qb6 25. Qg4 Nf6 26. Qe2 Bf8 27. h4 g4 28. Nc1 Qc6 29. b3 Na3 30. Rb2 Qxc3 31. h5 Qc6 32. Bh4 Nxh5 33. Qxg4+ Qg6 34. Qxg6+ fxg6 35. g4 Ng7 36. Ne2 Bd6 37. Nc3 g5 38. Bg3 Bxg3 39. fxg3 Red8 40. Rf1 Rac8 41. Nb1 Rc2 42. Rxc2 Nxc2 43. Kf2 Rf8+ 44. Ke2 Rxf1 45. Kxf1 Nxe3+ 46. Ke2 Nxg4 47. Nc3 Ne6 48. Nxb5 h5 49. Na7 Nxd4+ 0-1

[Event "Barcelona 2nd"]
[Site "Barcelona"]
[Date "2019.04.27"]
[Round "3.4"]
[White "Esteban Lupianez, Jose Miguel"]
[Black "De Leon, Patricia O"]
[Result "0-1"]
[WhiteElo "1664"]
[BlackElo "1969"]
[PlyCount "54"]
[EventDate "2019.04.06"]
[EventType "tourn"]
[EventRounds "9"]
[EventCountry "ESP"]
[SourceTitle "EXT 2024"]
[Source "ChessBase"]
[SourceDate "2023.10.10"]
[SourceVersion "1"]
[SourceVersionDate "2023.10.10"]
[SourceQuality "1"]

1. e4 e6 2. d4 d5 3. Nd2 Nf6 4. e5 Nfd7 5. Bd3 c5 6. c3 Nc6 7. Ndf3 cxd4 8. cxd4 f6 9. exf6 Nxf6 10. Nh3 Bd6 11. 0-0 Qc7 12. Re1 0-0 13. Nhg5 Kh8 14. Nxe6 Bxe6 15. Rxe6 Ng4 16. h3 Bh2+ 17. Kf1 Nxd4 18. hxg4 Nxe6 19. Ke2 Rae8 20. Kf1 Bf4 21. Bd2 Qb6 22. b3 Bxd2 23. Qxd2 Nc5 24. Bc2 Ne4 25. Bxe4 dxe4 26. Ng5 e3 27. Qd5 Qf6 0-1

[Event "Barcelona Sant Marti op 8th"]
[Site "Barcelona"]
[Date "2019.01.31"]
[Round "3"]
[White "Cros Garcia, Marc"]
[Black "Esteban Lupianez, Jose Miguel"]
[Result "0-1"]
[WhiteElo "1909"]
[BlackElo "1700"]
[PlyCount "118"]
[EventDate "2019.01.17"]
[EventType "swiss"]
[EventRounds "9"]
[EventCountry "ESP"]
[SourceTitle "CBM 189 Extra"]
[Source "ChessBase"]
[SourceDate "2019.06.03"]
[SourceVersion "1"]
[SourceVersionDate "2019.06.03"]
[SourceQuality "1"]

1. e4 c5 2. Nf3 g6 3. d4 cxd4 4. Nxd4 Bg7 5. c4 Nc6 6. Be3 Nf6 7. Nc3 d6 8. Be2 0-0 9. 0-0 Bd7 10. f4 Rc8 11. f5 Ne5 12. b3 Bc6 13. Nxc6 bxc6 14. Qd2 Neg4 15. Bf4 Qb6+ 16. Kh1 Nf2+ 17. Rxf2 Qxf2 18. Be3 Qh4 19. Bf3 Ng4 20. Bxg4 Qxg4 21. Rf1 Be5 22. Bf4 f6 23. Rf3 Bxc3 24. Rxc3 g5 25. Bxg5 Qxe4 26. Bh6 Rf7 27. Qf2 Kh8 28. h3 Rg8 29. Re3 Qd4 30. Qe1 d5 31. cxd5 cxd5 32. Kh2 Qc5 33. Rc3 Qd6+ 34. Kh1 d4 35. Rc4 Qd5 36. Qf2 Rd8 37. Qd2 e5 38. fxe6 Qxe6 39. Rxd4 Rxd4 40. Qxd4 Qe1+ 41. Qg1 Qxg1+ 42. Kxg1 Rc7 43. Kh2 Rc2 44. a4 Rb2 45. Be3 a6 46. Bd4 Rxb3 47. Bxf6+ Kg8 48. a5 Kf7 49. Bd8 Ke6 50. g3 Kf5 51. g4+ Kf4 52. Bc7+ Kf3 53. g5 Rb5 54. Kg1 Rxg5+ 55. Kf1 Rh5 56. Ke1 Rxh3 57. Kd2 h5 58. Kc3 Rh4 59. Kd3 Rg4 0-1

[Event "Barcelona Sant Marti op 8th"]
[Site "Barcelona"]
[Date "2019.01.17"]
[Round "1"]
[White "Cervello Tost, Roger"]
[Black "Esteban Lupianez, Jose Miguel"]
[Result "1-0"]
[WhiteElo "2023"]
[BlackElo "1700"]
[PlyCount "73"]
[EventDate "2019.01.17"]
[EventType "swiss"]
[EventRounds "9"]
[EventCountry "ESP"]
[SourceTitle "CBM 189 Extra"]
[Source "ChessBase"]
[SourceDate "2019.06.03"]
[SourceVersion "1"]
[SourceVersionDate "2019.06.03"]
[SourceQuality "1"]

1. e4 c5 2. d4 e6 3. Nf3 Nc6 4. d5 Nb4 5. a3 Na6 6. c4 d6 7. Nc3 g6 8. Bd3 Bg7 9. 0-0 e5 10. h3 Nf6 11. Nh2 Bd7 12. f4 Qe7 13. fxe5 Qxe5 14. Bf4 Qe7 15. e5 dxe5 16. Bxe5 0-0 17. Nf3 Ne8 18. Qe2 f6 19. Bg3 Qxe2 20. Nxe2 Nac7 21. b4 Na6 22. b5 Nac7 23. Rae1 g5 24. Nc3 Rf7 25. Ne4 Bf8 26. Nfxg5 Rg7 27. Nxh7 Kxh7 28. Nxf6+ Kh8 29. Be5 Bd6 30. Nxd7 Bxe5 31. Rf8+ Rg8 32. Rxg8+ Kxg8 33. Rxe5 b6 34. Re7 Rc8 35. Bg6 Ng7 36. Nf6+ Kh8 37. Re4 1-0

[Event "Maresme op 15th"]
[Site "Maresme"]
[Date "2018.11.24"]
[Round "8"]
[White "Busom Isach, Carlos"]
[Black "Esteban Lupianez, Jose Miguel"]
[Result "1-0"]
[WhiteElo "2057"]
[BlackElo "1760"]
[PlyCount "37"]
[EventDate "2018.09.29"]
[EventType "swiss"]
[EventRounds "9"]
[EventCountry "ESP"]
[SourceTitle "EXT 2024"]
[Source "ChessBase"]
[SourceDate "2023.10.10"]
[SourceVersion "1"]
[SourceVersionDate "2023.10.10"]
[SourceQuality "1"]

1. e4 d6 2. Nc3 Nf6 3. Bc4 e5 4. d3 Be7 5. f4 Nbd7 6. Nf3 c6 7. a4 0-0 8. 0-0 Qc7 9. a5 b5 10. axb6 Nxb6 11. Bb3 h6 12. Kh1 Kh8 13. Qe1 Nh5 14. fxe5 dxe5 15. Be3 Bd6 16. Bxh6 Qe7 17. Bg5 f6 18. Qh4 Qe8 19. Be3 1-0

[Event "Maresme op 15th"]
[Site "Maresme"]
[Date "2018.10.27"]
[Round "4"]
[White "Pacheco Jimenez, Jose Ramon"]
[Black "Esteban Lupianez, Jose Miguel"]
[Result "1-0"]
[WhiteElo "1690"]
[BlackElo "1760"]
[PlyCount "87"]
[EventDate "2018.09.29"]
[EventType "swiss"]
[EventRounds "9"]
[EventCountry "ESP"]
[SourceTitle "EXT 2020"]
[Source "ChessBase"]
[SourceDate "2019.10.17"]
[SourceVersion "1"]
[SourceVersionDate "2019.10.17"]
[SourceQuality "1"]

1. d4 f5 2. Nf3 Nf6 3. c3 b6 4. Bf4 Bb7 5. Nbd2 g6 6. h3 Bg7 7. e3 0-0 8. Be2 e6 9. a3 d6 10. 0-0 Nbd7 11. Rc1 Qe7 12. b4 e5 13. dxe5 dxe5 14. Bg3 Rad8 15. Bc4+ Kh8 16. Qb3 Ne4 17. Nxe4 fxe4 18. Bh4 Bf6 19. Bxf6+ Rxf6 20. Ng5 Nf8 21. Nf7+ Rxf7 22. Bxf7 Rd6 23. Rcd1 Kg7 24. Rxd6 cxd6 25. Bd5 Ba6 26. b5 Bc8 27. Rd1 Bf5 28. a4 Nd7 29. g4 Qg5 30. Bg8 Nf6 31. Qf7+ Kh8 32. Rxd6 Nxg8 33. Qf8 h5 34. Qd8 Qxd8 35. Rxd8 hxg4 36. hxg4 Bxg4 37. Ra8 Bd1 38. Rxa7 Nf6 39. c4 Bb3 40. c5 bxc5 41. b6 Bd5 42. b7 Nd7 43. Ra8+ Kg7 44. Rd8 1-0

[Event "Barcelona Espiga de les Corts-B 1st"]
[Site "Barcelona"]
[Date "2018.05.12"]
[Round "5.1"]
[White "Sierra Muntane, Luis"]
[Black "Esteban Lupianez, Jose Miguel"]
[Result "1-0"]
[WhiteElo "1784"]
[BlackElo "1699"]
[PlyCount "67"]
[EventDate "2018.04.14"]
[EventType "swiss"]
[EventRounds "9"]
[EventCountry "ESP"]
[SourceTitle "EXT 2024"]
[Source "ChessBase"]
[SourceDate "2023.10.10"]
[SourceVersion "1"]
[SourceVersionDate "2023.10.10"]
[SourceQuality "1"]

1. e4 c5 2. Ne2 Nc6 3. Nbc3 g6 4. d4 cxd4 5. Nxd4 Bg7 6. Be3 d6 7. f3 Bd7 8. Qd2 a6 9. g4 Rc8 10. Nd5 Ne5 11. Be2 e6 12. Nc3 Qh4+ 13. Bf2 Qe7 14. 0-0 Nc4 15. Bxc4 Rxc4 16. Rad1 h5 17. Qd3 b5 18. Nde2 hxg4 19. fxg4 Be5 20. Bg3 Bxg3 21. Qxg3 d5 22. b3 Rc8 23. exd5 Qc5+ 24. Rf2 Qc7 25. d6 Qc5 26. Ne4 Qb6 27. Qf4 Rh7 28. Ng5 Rg7 29. Nd4 f5 30. Qe5 Kf8 31. Ndxe6+ Bxe6 32. Nxe6+ Kf7 33. Qxg7+ Kxe6 34. Qxg6+ 1-0

[Event "Barcelona Espiga de les Corts-B 1st"]
[Site "Barcelona"]
[Date "2018.04.14"]
[Round "1.1"]
[White "Esteban Lupianez, Jose Miguel"]
[Black "Nadal Fajardo, Ricard"]
[Result "1/2-1/2"]
[WhiteElo "1699"]
[BlackElo "1894"]
[PlyCount "26"]
[EventDate "2018.04.14"]
[EventType "swiss"]
[EventRounds "9"]
[EventCountry "ESP"]
[SourceTitle "EXT 2024"]
[Source "ChessBase"]
[SourceDate "2023.10.10"]
[SourceVersion "1"]
[SourceVersionDate "2023.10.10"]
[SourceQuality "1"]

1. e4 c6 2. d4 d5 3. Nc3 dxe4 4. Nxe4 Bf5 5. Bd3 e6 6. Nf3 Nd7 7. Bf4 Ndf6 8. Qe2 Nxe4 9. Bxe4 Bxe4 10. Qxe4 Nf6 11. Qe2 Bd6 12. Bxd6 Qxd6 13. 0-0-0 0-0-0 1/2-1/2

[Event "Barcelona Sant Marti op-B 18th"]
[Site "Barcelona"]
[Date "2016.07.20"]
[Round "8.8"]
[White "Esteban Lupianez, Jose Miguel"]
[Black "Palomero Galvez, Antonio"]
[Result "1/2-1/2"]
[WhiteElo "1715"]
[BlackElo "1593"]
[PlyCount "64"]
[EventDate "2016.07.13"]
[EventType "swiss"]
[EventRounds "9"]
[EventCountry "ESP"]
[SourceTitle "EXT 2024"]
[Source "ChessBase"]
[SourceDate "2023.10.10"]
[SourceVersion "1"]
[SourceVersionDate "2023.10.10"]
[SourceQuality "1"]

1. e4 c5 2. Nf3 d6 3. d4 cxd4 4. Nxd4 Nf6 5. Nc3 g6 6. Be3 Nc6 7. Qd2 h5 8. 0-0-0 Bg7 9. h3 Bd7 10. f4 a6 11. Nb3 b5 12. Bd3 Qc7 13. Kb1 h4 14. Qf2 Rb8 15. g4 hxg3 16. Qxg3 Nh5 17. Qe1 e6 18. f5 gxf5 19. exf5 b4 20. Nd5 Qd8 21. fxe6 Bxe6 22. Bc4 Be5 23. Nd4 Na5 24. b3 Ng3 25. Rg1 Ne4 26. Rd3 Nxc4 27. Nxe6 Na3+ 28. Kc1 fxe6 29. Nxb4 Qf6 30. Rf1 Bf4 31. c3 Nxc3 32. Rxf4 Nxa2+ 1/2-1/2